00341nam a2200133Ia 4500008004100000020001500041041001200056082001600068100001600084245004100100260004200141300000800183650001600191221030s9999 xx 000 0 und d a8185274592 aEnglish a105.23bFlo aT. L. Floyd 0aDigital Fundamentalscby T. L. Floyd bUniversal Book StallaNew Delhic2001 a658 aBE Computer